Shot Full : (Record no. 187027)
[ view plain ]
| 000 -LEADER | |
|---|---|
| fixed length control field | 01173 a2200157 4500 |
| 003 - CONTROL NUMBER IDENTIFIER | |
| control field | Nust |
| 005 - DATE AND TIME OF LATEST TRANSACTION | |
| control field | 20230403115624.0 |
| 040 ## - CATALOGING SOURCE | |
| Transcribing agency | Nust |
| 082 ## - DEWEY DECIMAL CLASSIFICATION NUMBER | |
| Classification number | 920,CHE |
| 100 ## - MAIN ENTRY--PERSONAL NAME | |
| Personal name | Chester, Francis |
| 9 (RLIN) | 111678 |
| 245 ## - TITLE STATEMENT | |
| Title | Shot Full : |
| Remainder of title | The Autobiography of Drug Addict / |
| Statement of responsibility, etc. | Francis Chester |
| 260 ## - PUBLICATION, DISTRIBUTION, ETC. | |
| Place of publication, distribution, etc. | London |
| Name of publisher, distributor, etc. | Methuen & co |
| Linkage | 1938 |
| 300 ## - PHYSICAL DESCRIPTION | |
| Extent | 306;p |
| 505 ## - FORMATTED CONTENTS NOTE | |
| Formatted contents note | The Man Trap Closes (Page-1), A Lone Hand (Page-10), The White Mahatma (Page-19), Hyping and Grafting (Page-29), Evangelizing and other Games (Page-35), Barking and Doping (Page-43), The Life and Soul of Toronto Junkers (Page-56), Fighting for my Country (Page-64), Invalided out (Page-73), The Last of Snuffy (Page-82), Marijuana (Page-96), Death Among the Hamburgers (Page-108), I Get Married (Page-118), Deprived and Depraved (Page-127), Junk-Fishing (Page-138), England ,Home and Beauty (Page-153), A Lubberly Sea-Cook (Page-178), We have a Mission (Page-186), Home Sweet Home (Page-194), I Graduate with Honours (Page-210), I break my Fetters (Page-224), I Begin my Crusade (Page-249), Fighting the Drug-Traffickers (Page-260), I Continue the Fight (Page-278), Pleasant Company (Page-285). |
| 942 ## - ADDED ENTRY ELEMENTS (KOHA) | |
| Source of classification or shelving scheme | |
| Koha item type | Book |
| Withdrawn status | Lost status | Source of classification or shelving scheme | Damaged status | Not for loan | Permanent Location | Current Location | Shelving location | Date acquired | Full call number | Barcode | Date last seen | Price effective from | Koha item type | Public note |
|---|---|---|---|---|---|---|---|---|---|---|---|---|---|---|
| Military College of Signals (MCS) | Military College of Signals (MCS) | General Stacks | 12/12/2016 | 920,CHE | MCS30210 | 12/08/2016 | 12/12/2016 | Book | Almirah No.75, Shelf No.5 |
